Homenaje a Venustiano Carranza en el LIV aniversario de su muerte /
Esta es la recopilación de los discursos pronunciados en el recinto de la cámara de diputados en la conmemoración de su aniversario luctuoso. Participan : Gilberto Gutiérrez Quiroz, Juan Sabines, Carlos Sansores Pérez, Luis Jorge Rosales Peimbert, Jesús Romero Flores y Mario Moya Palencia.
Spremljeno u:
| Format: | Knjiga |
|---|---|
| Jezik: | španjolski |
| Teme: | |
| Oznake: |
Bez oznaka, Budi prvi tko označuje ovaj zapis!
|
MARC
| LEADER | 00000nam^a2200000^a^4500 | ||
|---|---|---|---|
| 001 | 000115958 | ||
| 005 | 20250521000000.0 | ||
| 009 | 20260310094111.255 | ||
| 037 | |a Acervo ITESO - Biblioteca | ||
| 041 | |a ESP | ||
| 082 | |a 972. 0614 |b HOM | ||
| 245 | 1 | 0 | |a Homenaje a Venustiano Carranza en el LIV aniversario de su muerte / |
| 264 | |a México : |b Congreso de la Unión, XLIX Legislatura, |c 1974 | ||
| 300 | |a 67 p. | ||
| 336 | |a texto |b txt |2 rdacontenido | ||
| 337 | |a sin mediación |b n |2 rdamedio | ||
| 338 | |a volumen |b nc |2 rdasoporte | ||
| 520 | |a Esta es la recopilación de los discursos pronunciados en el recinto de la cámara de diputados en la conmemoración de su aniversario luctuoso. Participan : Gilberto Gutiérrez Quiroz, Juan Sabines, Carlos Sansores Pérez, Luis Jorge Rosales Peimbert, Jesús Romero Flores y Mario Moya Palencia. | ||
| 649 | |a XX | ||
| 650 | |a Militares Mexicanos - |x Homenajes | ||
| 650 | |a Políticos Mexicanos - |x Homenajes | ||
| 650 | |a Políticos Mexicanos - |x Discursos | ||
| 650 | |a México - |x Historia - |y Revolución Carrancista y Constitucionalista, 1913-1917 | ||
| 650 | |a México - |x Historia - |y Revolución, 1910-1917 | ||
| 650 | |a México - |x Historia - |y 1910-1946 | ||
| 650 | |a Carranza, Venustiano | ||
| 910 | |a Fondo Salvador Reynoso Reynoso | ||
| 920 | |a Impresos - Libros | ||
| 930 | |a Fondos Especiales | ||
| 905 | |a 112 | ||
| 901 | |a 0800003004 |b IT2 |c ESP |u 20250521 | ||
| 902 | |a https://opac.biblio.iteso.mx/vufind/Record/000115958 | ||